书目信息 |
| 题名: |
汉字里的中国
|
|
| 作者: | 陈璧耀 著 | |
| 分册: | ||
| 出版信息: | 上海 上海远东出版社 2018 |
|
| 页数: | 353页 | |
| 开本: | 21cm | |
| 丛书名: | ||
| 单 册: | ||
| 中图分类: | H12-49 , K203-49 | |
| 科图分类: | ||
| 主题词: | 汉字--通俗读物 , 中华文化--通俗读物 | |
| 电子资源: | ||
| ISBN: | 978-7-5476-1318-4 | |
| 000 | 00618nam0 2200229 450 | |
| 001 | 3441 | |
| 005 | 20180527155814.67 | |
| 010 | @a978-7-5476-1318-4@dCNY45.00 | |
| 100 | @a20180412d2018 em y0chiy50 ea | |
| 101 | 0 | @achi |
| 102 | @aCN@b310000 | |
| 105 | @aa z 000yy | |
| 200 | 1 | @a汉字里的中国@9han zi li de zhong guo@f陈璧耀著 |
| 210 | @a上海@c上海远东出版社@d2018 | |
| 215 | @a353页@c图@d21cm | |
| 606 | 0 | @a汉字@j通俗读物 |
| 606 | 0 | @a中华文化@j通俗读物 |
| 690 | @aH12-49@v5 | |
| 690 | @aK203-49@v5 | |
| 701 | 0 | @a陈璧耀@9chen bi yao@4著 |
| 801 | 0 | @aCN@b91MARC@c20180412 |
| 905 | @aMuseLib@dH12-49@e181 | |
| 汉字里的中国/陈璧耀著.-上海:上海远东出版社,2018 |
| 353页:图;21cm |
| ISBN 978-7-5476-1318-4:CNY45.00 |
| ● |
| 相关链接 |
|
|
|
|
正题名:汉字里的中国
索取号:H12-49/181
 
预约/预借
| 序号 | 登录号 | 条形码 | 馆藏地/架位号 | 状态 | 备注 |
| 1 | 1109208 | 211092084 | 第二样本阅览室/ [索取号:H12-49/181] | 在馆 | |
| 2 | 1109209 | 211092093 | 教育系资料室/ [索取号:H12-49/181] | 在馆 | |
| 3 | 1109210 | 211092100 | 教育系资料室/ [索取号:H12-49/181] | 在馆 | |
| 4 | 1109211 | 211092119 | 第四借阅区/ [索取号:H12-49/181] | 在馆 |